| 000 -LEADER |
| fixed length control field |
02460cam a2200277 a 4500 |
| 001 - CONTROL NUMBER |
| control field |
15946472 |
| 005 - DATE AND TIME OF LATEST TRANSACTION |
| control field |
20221124102514.0 |
| 008 - FIXED-LENGTH DATA ELEMENTS--GENERAL INFORMATION |
| fixed length control field |
091015s2009 ii a b 001 0 eng |
| 010 ## - LIBRARY OF CONGRESS CONTROL NUMBER |
| LC control number |
2009291922 |
| 020 ## - INTERNATIONAL STANDARD BOOK NUMBER |
| International Standard Book Number |
9780195693751 (pbk.) |
| 020 ## - INTERNATIONAL STANDARD BOOK NUMBER |
| International Standard Book Number |
0195693752 |
| 040 ## - CATALOGING SOURCE |
| Original cataloging agency |
DLC |
| Transcribing agency |
DLC |
| Modifying agency |
DLC |
| 050 00 - LIBRARY OF CONGRESS CALL NUMBER |
| Classification number |
QA297 |
| Item number |
.P293 2009 |
| 082 ## - DEWEY DECIMAL CLASSIFICATION NUMBER |
| Classification number |
519.4,PAL |
| 100 1# - MAIN ENTRY--PERSONAL NAME |
| Personal name |
Pal, Srimanta. |
| 9 (RLIN) |
103470 |
| 245 10 - TITLE STATEMENT |
| Title |
Numerical methods : |
| Remainder of title |
principles, analyses, and algorithms / |
| Statement of responsibility, etc. |
Srimanta Pal. |
| 260 ## - PUBLICATION, DISTRIBUTION, ETC. |
| Place of publication, distribution, etc. |
New Delhi ; |
| -- |
New York : |
| Name of publisher, distributor, etc. |
Oxford University Press, |
| Date of publication, distribution, etc. |
2009. |
| 300 ## - PHYSICAL DESCRIPTION |
| Extent |
xii, 812 p. : |
| Other physical details |
ill. ; |
| Dimensions |
24 cm. |
| 505 ## - FORMATTED CONTENTS NOTE |
| Formatted contents note |
Background to Numerical Methods (Page-1), Scope of Numerical and Mathematical Methods (Page-32), Errors and Their Propagation (Page-42), Programming Tools and Techniques (Page-69), Solutions of Algebraic and Transcendental Equations (Page-143), Numerical Methods of Linear Equations Direct Methods (Page-213), Numerical Solutions for Matrix Inversion (Page-249), Numerical Solutions of Linear Systems of Equations Iterative Methods (Page-270), Linear Least Squares Problem (Page-289), Numerical Solutions of System<br/>of Non Linear Equations (Page-311), Eigenvalues and Eigenvectors (Page-333), Interpolation and Extrapolation (Page-370), Numerical Differentiation (Page-419), Numerical Integration (Page-437), Numerical Solutions of<br/>Ordinary Differential Equations Initial Value Problem (Page-502), Numerical Solutions of Ordinary Differential Equations Boundary Value Problems (Page-568), Numerical Solutions of Partial Differential Equations (Page-600), Numerical Solutions of Parabolic Partial Differential Equations (Page-616), Numerical Solutions of Hyperbolic Partial Differential Equations (Page-650), Numerical Solutions of Elliptical Partial Differential Equations (Page-679), Advances in Numerical Methods Using Parallel Computing Paradigm (Page-713), Numerical Methods Using Neural Networks (Page-737), Numerical Solutions of Differential Equations (Page-787). |
| 650 #0 - SUBJECT ADDED ENTRY--TOPICAL TERM |
| Topical term or geographic name entry element |
Numerical analysis. |
| 9 (RLIN) |
103 |
| 856 42 - ELECTRONIC LOCATION AND ACCESS |
| Materials specified |
Contributor biographical information |
| Uniform Resource Identifier |
<a href="http://www.loc.gov/catdir/enhancements/fy1001/2009291922-b.html">http://www.loc.gov/catdir/enhancements/fy1001/2009291922-b.html</a> |
| 856 42 - ELECTRONIC LOCATION AND ACCESS |
| Materials specified |
Publisher description |
| Uniform Resource Identifier |
<a href="http://www.loc.gov/catdir/enhancements/fy1001/2009291922-d.html">http://www.loc.gov/catdir/enhancements/fy1001/2009291922-d.html</a> |
| 906 ## - LOCAL DATA ELEMENT F, LDF (RLIN) |
| a |
7 |
| b |
cbc |
| c |
origres |
| d |
2 |
| e |
ncip |
| f |
20 |
| g |
y-gencatlg |
| 942 ## - ADDED ENTRY ELEMENTS (KOHA) |
| Source of classification or shelving scheme |
|
| Koha item type |
Book |
| Call number prefix |
519.4,PAL |